00557cam a22002171 4500001001300000003000400013005001700017008004100034010001700075035002000092040001800112042001200130050001700142100003700159245003300196260001100229300001800240500001500258600004900273999001700322ne 63000426 DLC20260227111742.0890402s1962 xx 000 0 ara  ane 63000426  a(OCoLC)23520656 aDLCcMiUdDLC apremarc00aDS238.U5bM51 aMiṣbāḥ, Aḥmad Mujāhid.10aʻUmar ibn al-Khaṭṭāb. c[1962] a62 p.c24 cm. aRomanized.00aʻUmar ibn al-Khaṭṭāb,cCaliph,d-644. c45632d45632